00847 2200181 4500245004800000020001800048250001100066100001800077700001600095650001700111005001900128260002900147041001400176084000800190300002900198500042900227336000900656 aKarena Hidup itu IndahcCathreen MokohText a979-794-496-4 aCet. 1 aCathreen Moko aDian Nitami aNovel Remaja a20231003141850 aJakartabMediakitac2015 aIndonesia a813 aviii, 124 hlm. :c19 cm. aIni bukan tentang mereka yang menikmati hidup dari pelantaran surga. Bukan tentang mereka yang tak mati meski kesedihan menikam dalam sepi. Karena mereka dikelilingi titik-titik bahagia yang setiap hari bisa disantap. Namun, ini tentang kami yang setiap harinya harus mati terkurung dalam sunyi,dan setiap harinya harus menumbuhkan kebahagiaan baru hanya untuk membuat lengkungan senyum diwajah-wajah kami walaupun itu semu. atext